Music Quiz

Random Music or Lyrics Quiz

'Wish You Were Here' Lyrics Quiz Stats

 Plays Quiz Updated Dec 26, 2018

Support Sporcle.
Go Orange.
Score 0/117 Timer 05:00
14 Plays Today
% Correct
you
98.7%
you
98.7%
you
98.7%
you
98.7%
you
98.7%
you
98.7%
you
98.7%
you
98.7%
you
98.7%
wish,
95.1%
wish
95.1%
Wish
95.1%
were
94.7%
We're
94.7%
were
94.7%
a
94.6%
a
94.6%
A
94.6%
a
94.6%
a
94.6%
a
94.6%
a
94.6%
a
94.6%
a
94.6%
we
94.4%
here.
94.3%
here.
94.3%
I
94.2%
I
94.2%
the
88.7%
the
88.7%
The
88.7%
So,
88.4%
so
88.4%
can
88.2%
Can
88.2%
can
88.2%
think
86.2%
think
86.2%
% Correct
in
85.9%
in
85.9%
in
85.9%
from
85.4%
from
85.4%
from
85.4%
from
85.4%
tell
84.3%
tell
84.3%
tell?
84.3%
Hell,
83.5%
Heaven
82.8%
blue
79.4%
two
78.9%
just
78.5%
skies
78.4%
fish
77.5%
lost
77.2%
bowl,
76.9%
souls
76.8%
Do
76.7%
How
76.2%
how
76.2%
for
76.2%
for
76.2%
for
76.2%
for
76.2%
for
76.2%
to
76.2%
after
75.8%
swimming
75.8%
year
75.7%
year,
75.7%
cold
74.8%
Cold
74.8%
pain.
73.9%
your
72.7%
Did
71.5%
Did
71.5%
% Correct
they
71.2%
green
71.1%
on
70.2%
field
70.1%
steel
69.8%
get
67.7%
old
65.9%
old
65.9%
same
65.9%
same
65.9%
trade
65.7%
rail?
65.5%
smile
65.1%
heroes
65%
walk-
63.3%
cool
63.3%
breeze?
63%
Hot
62.2%
Hot
62.2%
ashes
60.8%
ghosts?
60.3%
part
60.2%
over
60.1%
cage?
60%
war
59.6%
exchange
59.6%
found?
59.1%
ground.
58.9%
veil?
58.4%
change?
58.2%
air
57.8%
running
57.3%
role
56.9%
lead
56.7%
trees?
56.5%
have
56.2%
comfort
54.6%
fears.
54.6%
What
49%

You're not logged in!

Compare scores with friends on all Sporcle quizzes.
OR
Log In
Forgot?

From the Vault

Highest Grossing Movies (1996)

by manonthemoon

Movies 8m
These movies are disgusting.
Remove Ads.
Support Sporcle.
Get the best of Sporcle when you Go Orange. This ad-free experience offers more features, more stats, and more fun while also helping to support Sporcle. Thank you for becoming a member.

Show Comments

Extras

Top Quizzes Today


Score Distribution

Your Account Isn't Verified!

In order to create a playlist on Sporcle, you need to verify the email address you used during registration. Go to your Sporcle Settings to finish the process.

Report this User

Report this user for behavior that violates our Community Guidelines.

Details: